Αι ναυτικαί εξερευνήσεις των Φοινίκων και Ελλήνων κατά την αρχαιότητα και η ανάπτυξις της γεωγραφίας κατά τους Ελληνιστικούς και Ρωμαικούς χρόνους
Αποθηκεύτηκε σε:
| Κύριος συγγραφέας: | |
|---|---|
| Μορφή: | Βιβλίο |
| Γλώσσα: | Greek |
| Δημοσίευση: |
Αθήναι :
Παπαζήσης,
1969
|
| Θέματα: | |
| Ετικέτες: |
Προσθήκη ετικέτας
Δεν υπάρχουν, Καταχωρήστε ετικέτα πρώτοι!
|
MARC
| LEADER | 00000cam a2200000 i 4500 | ||
|---|---|---|---|
| 001 | 1/15178 | ||
| 008 | 980522s1969 gr | ||| |||| ||gre|| | ||
| 035 | |l 10019714 | ||
| 040 | |a GR-MY-UA |b gre |e aacr | ||
| 041 | 0 | |a gre | |
| 082 | 0 | |a 913.04 | |
| 100 | 1 | |a Αθανασιάδης, Κ. Α. | |
| 245 | 1 | 3 | |a Αι ναυτικαί εξερευνήσεις των Φοινίκων και Ελλήνων κατά την αρχαιότητα και η ανάπτυξις της γεωγραφίας κατά τους Ελληνιστικούς και Ρωμαικούς χρόνους / |c Κ. Α. Αθανασιάδου |
| 260 | |a Αθήναι : |b Παπαζήσης, |c 1969 | ||
| 300 | |a 167 σ. | ||
| 650 | 0 | 0 | |a Travel, Ancient. |
| 650 | 0 | 0 | |a Discoveries in geography. |
| 650 | 0 | 0 | |a Geography |z Greece |x History. |
| 651 | 0 | |a Greece |x History |y To 146 B.C. | |
| 852 | |a INST |b LESVOS |e 19980522 |h 913.04 ΑΘΑ |p 005100013956 |q 005100013956 |t BK |y 0 | ||
| 852 | |a INST |b LESVOS |e 19980522 |h 913.04 ΑΘΑ |p 005100013972 |q 005100013972 |t BK |y 0 | ||
| 852 | |a INST |b LESVOS |e 19980522 |h 913.04 ΑΘΑ |p 005100014002 |q 005100014002 |t BK |y 0 | ||
| 852 | |a INST |b LESVOS |e 19980522 |h 913.04 ΑΘΑ |p 005100014003 |q 005100014003 |t BK |y 0 | ||
| 852 | |a INST |b LESVOS |e 19980522 |h 913.04 ΑΘΑ |p 005100014004 |q 005100014004 |t BK |y 0 | ||
| 852 | |a INST |b LESVOS |e 19980522 |h 913.04 ΑΘΑ |p 005100014005 |q 005100014005 |t BK |y 0 | ||
| 852 | |a INST |b LESVOS |e 19980522 |h 913.04 ΑΘΑ |p 005100014006 |q 005100014006 |t BK |y 0 | ||
| 852 | |a INST |b LESVOS |e 19980522 |h 913.04 ΑΘΑ |p 005100014007 |q 005100014007 |t BK |y 0 | ||
| 852 | |a INST |b LESVOS |e 19980522 |h 913.04 ΑΘΑ |p 005100014008 |q 005100014008 |t BK |y 0 | ||
| 852 | |a INST |b LESVOS |e 19980522 |h 913.04 ΑΘΑ |p 005100014010 |q 005100014010 |t BK |y 0 | ||
| 852 | |a INST |b LESVOS |e 19980522 |h 913.04 ΑΘΑ |p 005100014044 |q 005100014044 |t BK |y 0 | ||
| 901 | |a BIBL1-1998-2 | ||
| 909 | |a Λ |b 056506 | ||
| 909 | |a Λ |b 056578 | ||
| 909 | |a Λ |b 056579 | ||
| 909 | |a Λ |b 056580 | ||
| 909 | |a Λ |b 056581 | ||
| 909 | |a Λ |b 056582 | ||
| 909 | |a Λ |b 056583 | ||
| 909 | |a Λ |b 056584 | ||
| 909 | |a Λ |b 056585 | ||
| 909 | |a Λ |b 056586 | ||
| 909 | |a Λ |b 056587 | ||
| 922 | |a 1ΕΛΗ |b 199805 |c ΚΠΣ/ΤΓ |d EMVASIS | ||
| 950 | |a 118-1998-03-26 | ||
| 950 | |a 118-1998-03-23 | ||
| 970 | |z 2000/06/ΟΙΚΟΝΟΜΟΠΟΥΛΟΥ ΧΡΙΣΤΙΝΑ | ||